000 00615nam a2200229Ia 4500
003 OSt
005 20220928144112.0
006 a|||||r|||| 00| 0
007 ta
008 220927b |||||||| |||| 00| 0 eng d
024 _a24318
037 _cTextual
040 _aSDCL
_cSDCL
_beng
041 _2eng
_aeng
082 _aI:686, N6
100 _aLevin Morris Ed.
_9506966
245 0 _aEngeneered organisms in enviromental settings.
260 _c1996
700 _a Israeli Eitan Ed.
_9506967
942 _hI:686, N6
_cTEXL
_2CC
999 _c826232
_d826232